Paroles - Assassin des templiers - Norman - Statistiques

Statistiques générales
  • Ce quiz a été pris 84 fois
  • Le résultat moyen est 320 sur 478
Statistiques - réponses
Réponse % Correct
A
100%
à
100%
a
100%
te
98%
de
97%
des
97%
le
97%
Le
97%
templiers
97%
Templiers
97%
1
95%
un
95%
Un
95%
une
94%
les
94%
Les
94%
ma
94%
Ma
94%
une
94%
Une
94%
je
92%
Je
92%
vie
91%
peu
91%
vie
91%
ça
89%
la
89%
89%
89%
pitié
88%
sans
88%
trucs
88%
tu
88%
d'assassin
86%
d'assassin
86%
J'fais
86%
J'me
86%
j'me
86%
J'mène
86%
j'mène
86%
malsains
85%
capuche
83%
dans
83%
Dans
83%
éliminer
83%
as
82%
sous
79%
foule
76%
J'suis
76%
j'suis
76%
C'est
74%
c'est
74%
Lame
74%
l'âme
74%
lame
74%
que
74%
Que
74%
en
73%
on
73%
fais
71%
moi
71%
ta
71%
assassin
70%
et
70%
Et
70%
Quand
70%
tueur
70%
d'enfants
67%
mais
67%
pas
67%
rues
67%
toi
67%
caché
65%
il
65%
même
65%
t'as
65%
comme
64%
t'es
64%
tes
64%
Tes
64%
j'arpente
62%
Manche
62%
mesures
62%
Ouais
62%
ouais
62%
Tout
62%
voit
62%
j'ai
61%
j'enlève
61%
pour
61%
baby
59%
calvitie
59%
confrérie
59%
dirait
59%
Gérard
59%
l'instituteur
59%
mon
59%
paille
59%
sais
59%
ton
59%
moine
58%
personne
58%
pleut
58%
1m85
56%
dit
56%
monde
56%
quoi
56%
sappé
56%
temps
56%
traitre
56%
d'embûches
55%
est
55%
juste
55%
mec
55%
mieux
55%
paquet
55%
slip
55%
suis
55%
sur
55%
Sur
55%
va
55%
c'que
53%
flingue
53%
semée
53%
cacher
52%
chez
52%
Jugnot
52%
l'anonymat
52%
Sauf
52%
saut
52%
Seul
52%
seul
52%
y'a
52%
au
50%
elle
50%
j'assassine
50%
Ok
50%
ombre
50%
Parmi
50%
Dexter
48%
Ils
48%
kick
48%
tatouage
48%
aiguisée
47%
pompiers
47%
qui
47%
suicider
47%
toits
47%
tuer
47%
canapé
45%
high
45%
inconnu
45%
ont
45%
Oups
45%
pénombre
45%
plus
45%
regretter
45%
sombre
45%
discret
44%
faire
44%
fond
44%
jugulaire
44%
sein
44%
surtout
44%
t'faire
44%
toujours
44%
uppercut
44%
vraie
44%
20
42%
cette
42%
contre
42%
drap
42%
mouillée
42%
n'a
42%
peut
42%
série
42%
T'en
42%
tendu
42%
tous
42%
vêtements
42%
Yamakasi
42%
badant
41%
bas
41%
déguisé
41%
lui
41%
pensent
41%
prends
41%
Prince
41%
remonter
41%
trop
41%
trouverait
41%
améri-
39%
bats
39%
coller
39%
Coup
39%
d'pied
39%
Esquive
39%
esquive
39%
l'animus
39%
middle
39%
m'immiscer
39%
of
39%
oriental
39%
Persia
39%
style
39%
accrobaties
38%
après
38%
avec
38%
circulaire
38%
déjà
38%
médite
38%
rien
38%
veux
38%
branché
36%
cathédrales
36%
choix
36%
escalader
36%
fonds
36%
j'atterris
36%
longuement
36%
Parade
36%
Parce
36%
part
36%
qu'tu
36%
sang
36%
voir
36%
connais
35%
couler
35%
dedans
35%
d'un
35%
frapper
35%
héros
35%
J'vais
35%
Quel
35%
tellement
35%
ville
35%
abondamment
33%
d'l'lange
33%
homme
33%
peux
33%
abbayes
32%
bails
32%
j'reste
32%
menée
32%
Si
32%
clocher
30%
grimper
30%
J'grimpe
30%
m'permettre
30%
qu'en
30%
d'moi
29%
haut
29%
parfois
27%
mélancolique
26%
Alors
23%
contemplant
23%
monte
23%
qu'dans
23%
tomahawk
23%
J'arpante
21%
J'pense
21%
Malgré
21%
norme
21%
hors
20%
Woop
20%
J'te
17%
rappelle
15%
Aucun quiz correspondant
Distribution des résultats
% des personnes avec chaque résultat
Percentile par nombre de réponses
Votre historique - résultats
Vous n’avez pas pris ce quiz